Arte sacro... (Record no. 25998)

MARC details
000 -LEADER
campo de control de longitud fija 00527nam a2200181 i 4500
001 - NÚMERO DE CONTROL
campo de control 25998
003 - IDENTIFICADOR DE NÚMERO DE CONTROL
campo de control ES-MaACL
005 - FECHA Y HORA DE LA ÚLTIMA TRANSACCIÓN
campo de control 20250812044639.0
007 - CAMPO FIJO DE DESCRIPCIÓN FÍSICA--INFORMACIÓN GENERAL
campo de control de longitud fija t|
008 - DATOS DE LONGITUD FIJA--INFORMACIÓN GENERAL
campo de control de longitud fija 030107s1957 sp ||||1| spa d
245 00 - MENCIÓN DEL TÍTULO
Título Arte sacro...
Resto del título : anuario 1957 /
Mención de responsabilidad, etc. [director, J. Ferrando Roig].
260 ## - PUBLICACIÓN, DISTRIBUCIÓN, ETC.
Lugar de publicación, distribución, etc. Barcelona :
Nombre del editor, distribuidor, etc. Aymá,
Fecha de publicación, distribución, etc. 1957.
300 ## - DESCRIPCIÓN FÍSICA
Extensión 106 p., 5 lám. col. :
Otras características físicas il. ;
Dimensiones 24 cm.
650 #7 - PUNTO DE ACCESO ADICIONAL DE MATERIA--TÉRMINO DE MATERIA
Término de materia o nombre geográfico como elemento de entrada Arte religioso
Fuente del encabezamiento o término embne
9 (RLIN) 10281
700 1# - ENTRADA AGREGADA--NOMBRE PERSONAL
Nombre de persona Ferrando Roig, Juan.
9 (RLIN) 50292
852 ## - LOCALIZACIÓN
Ubicación ES-MaACL
Número de control de estantería C-21375
Holdings
Estatus retirado Estado de pérdida Estado de daño No para préstamo Biblioteca de origen Biblioteca actual Ubicación en estantería Fecha de adquisición Fuente de adquisición Total de préstamos Signatura topográfica completa Código de barras Visto por última vez Precio de reemplazo Tipo de ítem Koha
        Biblioteca del Ateneo de Madrid Biblioteca del Ateneo de Madrid Galería 17/01/2008     C-21375 1026829 23/02/2023 23/02/2023 Libro impreso